10 państw najbliżej Holandii - Statystyki

Ogólne statystyki
  • Ten quiz został rozwiązany 102 razy
    28 od ostatniego zresetowania
  • Średni wynik to 10 z 10
Statystyki odpowiedzi
km Państwo % Poprawnych
202 Dania
100%
0 Francja (Saint Martin)
100%
65 Luksemburg
100%
0 Niemcy
100%
0 Belgia
96%
504 Norwegia
96%
483 Polska
96%
437 Szwecja
96%
143 Wielka Brytania
96%
430 Czechy
81%
Nie znaleziono quizów pasujących do podanych kryteriów
Rozkład punktacji
Procent ludzi z każdym wynikiem
Percentyl według liczby udzielonych odpowiedzi
Twoja historia wyników
Nie rozwiązałeś tego quizu od ostatniego zresetowania